Everything, Everywhere, All at Once (2022) Cast & Crew - Statistics

General Stats
  • This quiz has been taken 22 times
  • The average score is 8 of 21
Answer Stats
Role Description Answer % Correct
Evelyn Quan Wang Dissatisfied laundromat owner Michelle Yeoh
100%
Deidre Beaubeirdre IRS revenue agent Jamie Lee Curtis
82%
Waymond Wang Evelyn's meek and lighthearted husband Ke Huy Quan
82%
Director Daniel Kwan
59%
Producer Daniel Kwan
59%
Screenwriter Daniel Kwan
59%
Joy Wang / Jobu Tupaki Evelyn's nihilistic daughter and omnicidal threat to the multiverse Stephanie Hsu
59%
Gong Gong Evelyn's demanding and aging father James Hong
55%
Debbie the Dog Mom Dog Mom who wields her dog as a flail Jenny Slate
41%
Director Daniel Scheinert
27%
Producer Daniel Scheinert
27%
Screenwriter Daniel Scheinert
27%
Raccacoonie A raccoon and master chef (hint: famous Pixar composer) Randy Newman
23%
Producer Anthony Russo
14%
Chad A teppanyaki chef worker controlled by a Raccacoonie in his hat Harry Shum Jr.
14%
Producer Joe Russo
14%
Producer Jonathan Wang
14%
Editor Paul Rogers
5%
Composer Son Lux
5%
Becky Sregor Joy's girlfriend Tallie Medel
5%
Cinematographer Larkin Seiple
0%
No matching quizzes found
Score Distribution
Percent of People with Each Score
Percentile by Number Answered
Your Score History
You have not taken this quiz